000 00614nam a2200229Ia 4500
003 OSt
005 20220924134954.0
006 a|||||r|||| 00| 0
007 ta
008 220923b |||||||| |||| 00| 0 ben d
024 _a288034
037 _cTextual
040 _aARTS
_cARTS
_bben
041 _2ben
_aben
082 _aDelta2y7M76, 157J4.1-.2
100 _aShrikrishnacai
_9209593
245 0 _aCharit Madhuri
260 _c1954
700 _a Shastri Tanya
_9209594
942 _hDelta2y7M76, 157J4.1-.2
_cTEXL
_2CC
999 _c439274
_d439274